| 000 -ლიდერი |
| ფიქსირებული სიგრძის საკონტროლო ველი |
01617nam a22002177a 4500 |
| 003 - საკონტროლო ნომრის იდენტიფიკატორი |
| საკონტროლო ველი |
Ge_BSU |
| 005 - ბოლო ოპერაციის თარიღი და დრო |
| საკონტროლო ველი |
20210701133625.0 |
| 008 - ფიქსირებული სიგრძის მონაცემთა ელემენტები - ზოგადი ინფორმაცია |
| ფიქსირებული სიგრძის საკონტროლო ველი |
210701s2020 ge ||||| |||| 00| 0 geo d |
| 020 ## - წიგნის საერთაშორისო სტანდარტული ნომერი |
| International Standard Book Number |
9789941971044 |
| 041 ## - ენის კოდი |
| Language code of text/sound track or separate title |
geo |
| 080 ## - უნივერსალური ათობითი კლასიფიკაციის ინდექსი |
| Universal Decimal Classification number |
341.231.14 ა-26 |
| 245 ## - ცნობა სათაურის შესახებ |
| Title |
ადამიანის უფლებათა დაცვა და სახელმწიფოს დემოკრატიული ტრანსფორმაცია : |
| Remainder of title |
სტატიათა კრებული / |
| Statement of responsibility, etc |
რედაქტორი კონსტანტინე კორკელია. |
| 264 ## - წარმოების, გამოცემის, დისტრიბუციის და სხვა ცნობები |
| გამოცემის, წარმოების, დისტრიბუციის... ადგილი |
თბილისი, |
| გამოცემის, წარმოების, დისტრიბუციის... თარიღი |
2020. |
| 300 ## - ფიზიკური აღწერა |
| Extent |
400 გვ. |
| Other physical details |
23 სმ. |
| 653 ## - INDEX TERM--UNCONTROLLED |
| Uncontrolled term |
სამართალი |
| 653 ## - INDEX TERM--UNCONTROLLED |
| Uncontrolled term |
დემოკრატია |
| 653 ## - INDEX TERM--UNCONTROLLED |
| Uncontrolled term |
ადამიანის უფლებათა დაცვა |
| 700 ## - ADDED ENTRY--PERSONAL NAME |
| Personal name |
კორკელია, კონსტანტინე |
| Relator term |
რედაქტორი |
| 9 (RLIN) |
539 |
| 856 ## - ELECTRONIC LOCATION AND ACCESS |
| Uniform Resource Identifier |
http://ewmi-prolog.org/images/files/2705%E1%83%90%E1%83%93%E1%83%90%E1%83%9B%E1%83%98%E1%83%90%E1%83%9C%E1%83%98%E1%83%A1%E1%83%A3%E1%83%A4%E1%83%9A%E1%83%94%E1%83%91%E1%83%90%E1%83%97%E1%83%90%E1%83%93%E1%83%90%E1%83%AA%E1%83%95%E1%83%90%E1%83%93%E1%83%90%E1%83%A1%E1%83%90%E1%83%AE%E1%83%94%E1%83%9A%E1%83%9B%E1%83%AC%E1%83%98%E1%83%A4%E1%83%9D%E1%83%A1%E1%83%93%E1%83%94%E1%83%9B%E1%83%9D%E1%83%99%E1%83%A0%E1%83%90%E1%83%A2%E1%83%98%E1%83%A3%E1%83%9A%E1%83%98%E1%83%A2%E1%83%A0%E1%83%90%E1%83%9C%E1%83%A1%E1%83%A4%E1%83%9D%E1%83%A0%E1%83%9B%E1%83%90%E1%83%AA%E1%83%98%E1%83%90.pdf |
| Link text |
ელ. ვერსია, pdf |
| 942 ## - ADDED ENTRY ELEMENTS (KOHA) |
| Source of classification or shelving scheme |
|
| Koha item type |
წიგნი |